| 000 | 00514nam a22001937a 4500 | ||
|---|---|---|---|
| 003 | OSt | ||
| 005 | 20140310182911.0 | ||
| 008 | 130128t xxu||||| |||| 00| 0 eng d | ||
| 020 | _a9715902863 | ||
| 050 |
_aBT 50 _bAr66 2000 |
||
| 082 |
_aFIL 234.2 _bAr1 2000 |
||
| 245 |
_a12 joyous truths of our faith _cArboleda, Andres, Jr. |
||
| 260 |
_aPasay City : _bPaulines Publishing House, _c2000. |
||
| 300 |
_a117 p. ; _c21 cm. |
||
| 521 | _aCollege | ||
| 541 | _j1 | ||
| 562 | _e1 | ||
| 942 |
_2lcc _cBK _kFIL |
||
| 999 |
_c17214 _d17214 |
||